<?xml version="1.0" encoding="UTF-8"?>
<record
    xmlns:xsi="http://www.w3.org/2001/XMLSchema-instance"
    xsi:schemaLocation="http://www.loc.gov/MARC21/slim http://www.loc.gov/standards/marcxml/schema/MARC21slim.xsd"
    xmlns="http://www.loc.gov/MARC21/slim">

  <leader>00988nam a22002777a 4500</leader>
  <controlfield tag="001">BRCA_9328</controlfield>
  <controlfield tag="003">FranzMayer</controlfield>
  <controlfield tag="005">20230918120454.0</controlfield>
  <controlfield tag="008">230823b        |||||||| |||| 00| 0 eng d</controlfield>
  <datafield tag="020" ind1=" " ind2=" ">
    <subfield code="a">9518965153</subfield>
  </datafield>
  <datafield tag="040" ind1=" " ind2=" ">
    <subfield code="a">MFM</subfield>
    <subfield code="b">esp</subfield>
    <subfield code="c">MFM</subfield>
  </datafield>
  <datafield tag="050" ind1=" " ind2=" ">
    <subfield code="a">NK5198.S2</subfield>
    <subfield code="b">.T56 2000</subfield>
  </datafield>
  <datafield tag="110" ind1="1" ind2=" ">
    <subfield code="4">Responsable</subfield>
    <subfield code="a">Design Museum Helsinki</subfield>
    <subfield code="b">Timo Sarpaneva Collection</subfield>
    <subfield code="9">29139</subfield>
  </datafield>
  <datafield tag="240" ind1=" " ind2=" ">
    <subfield code="a">Timo Sarpaneva</subfield>
    <subfield code="l">Sueco/Fines</subfield>
  </datafield>
  <datafield tag="245" ind1="0" ind2=" ">
    <subfield code="a">Timo Sarpaneva</subfield>
  </datafield>
  <datafield tag="260" ind1=" " ind2=" ">
    <subfield code="a">Helsinki, Finlandia</subfield>
    <subfield code="b">Design Museum Helsinki</subfield>
    <subfield code="c">2000</subfield>
  </datafield>
  <datafield tag="300" ind1=" " ind2=" ">
    <subfield code="a">136 p</subfield>
    <subfield code="b">Ilustraciones a color</subfield>
    <subfield code="c">25 cm</subfield>
  </datafield>
  <datafield tag="500" ind1=" " ind2=" ">
    <subfield code="a">Anexo 1</subfield>
  </datafield>
  <datafield tag="505" ind1=" " ind2=" ">
    <subfield code="a">Texto en: sueco y fin&#xE9;sDirigido a: artistas, artesanos o muse&#xF3;grafos.</subfield>
  </datafield>
  <datafield tag="650" ind1="1" ind2=" ">
    <subfield code="2">Sarpaneva Timo</subfield>
    <subfield code="a">Cat&#xE1;logo</subfield>
    <subfield code="v">Producci&#xF3;n art&#xED;stica</subfield>
    <subfield code="9">29140</subfield>
  </datafield>
  <datafield tag="651" ind1="2" ind2=" ">
    <subfield code="2">Design museum (Helsinki, Finlandia)</subfield>
    <subfield code="a">Colecci&#xF3;n de arte</subfield>
    <subfield code="v">Vidrio</subfield>
    <subfield code="9">29141</subfield>
  </datafield>
  <datafield tag="700" ind1="1" ind2=" ">
    <subfield code="4">Des</subfield>
    <subfield code="a">Katajavuori, Kalervo</subfield>
    <subfield code="9">29142</subfield>
  </datafield>
  <datafield tag="700" ind1="1" ind2=" ">
    <subfield code="4">Fot</subfield>
    <subfield code="a">Luhtala, Markku</subfield>
    <subfield code="9">29143</subfield>
  </datafield>
  <datafield tag="700" ind1="1" ind2=" ">
    <subfield code="4">Fot.</subfield>
    <subfield code="a">Thiel, Osmo</subfield>
    <subfield code="9">29144</subfield>
  </datafield>
  <datafield tag="942" ind1=" " ind2=" ">
    <subfield code="2">lcc</subfield>
    <subfield code="c">B</subfield>
  </datafield>
  <datafield tag="999" ind1=" " ind2=" ">
    <subfield code="c">10950</subfield>
    <subfield code="d">10950</subfield>
  </datafield>
  <datafield tag="952" ind1=" " ind2=" ">
    <subfield code="0">0</subfield>
    <subfield code="1">0</subfield>
    <subfield code="2">lcc</subfield>
    <subfield code="4">0</subfield>
    <subfield code="7">0</subfield>
    <subfield code="8">FCON</subfield>
    <subfield code="a">BRCA</subfield>
    <subfield code="b">BRCA</subfield>
    <subfield code="d">2023-08-23</subfield>
    <subfield code="l">0</subfield>
    <subfield code="o">NK5198.S2 .T56 2000</subfield>
    <subfield code="p">CONT10084</subfield>
    <subfield code="r">2023-08-23 00:00:00</subfield>
    <subfield code="w">2023-08-23</subfield>
    <subfield code="y">B</subfield>
  </datafield>
</record>
